000 01141cam a2200325 i 4500
999 _c3189
_d3189
001 005466525
003 OCoLC
005 20231101093128.0
008 130307s2013 nyua c 000 1 eng
010 _a2013005696
020 _a9781442449633
_q(hbk.)
040 _aNCNU
_beng
_cNCNU
_dNCNU
_dKH8
_eAACR2
042 _anbic
082 0 0 _aFIC RUS
_223
100 1 _aRussell, Rachel Rene'e.
_eAuthor
245 1 0 _aTales from a not-so-happy heartbreaker /
_cRachel Rene'e Russell with Nikki Russell and Erin Russell.
250 _aFirst Aladdin hardcover edition.
260 _aNew York :
_bAladdin,
_c2013.
300 _a340 p. :
_bill. ;
_c22 cm.
490 1 _aDork diaries ;
_v6.
520 _aMiddle-school drama queen Nikki Maxwell worries about asking a boy to her school's "sweetheart dance."
650 0 _aDance parties
_vJuvenile fiction.
650 0 _aDating (Social customs)
_vJuvenile fiction.
650 0 _aFriendship
_vJuvenile fiction.
650 0 _aMiddle schools
_vJuvenile fiction.
700 1 _aRussell, Nikki.
_eAuthor
700 1 _aRussell, Erin.
_eIllustrator
830 0 _aDork diaries ;
_v6.
942 _2ddc
_cFIC